Zborník z konferencie Duševné vlastníctvo na Slovensku (ku Svetovému dňu duševného vlastníctva), [Banská Bystrica, 26. apríl 2001]

Bibliographic Details
Corporate Author: Duševné vlastníctvo na Slovensku Banská Bystrica, Slovensko (Author)
Other Authors: Puobišová, Beata (Compiler)
Format: Conference Proceeding Book
Language:Slovak
PhysicalDescription:151 s. tab. 21 cm
Published: Banská Bystrica Úrad priemyselného vlastníctva SR 2001
ISBN:8088994101
Subjects:

MARC

LEADER 00000cam a2200000 a 4500
001 vtls001426127
003 SK-MaSNL
005 20260426001800.0
008 240226s2001 xo ap r 101 0 slo
015 |a SNBA2002/06-02096 
020 |a 8088994101  |q (brožované) 
035 |a SNK000381057 
035 |a urn:nbn:sk:snk-amknse 
035 |a urn:nbn:sk:snk-am003vw8 
035 |a 0E62236A-8847-4703-8DC5-EC134C532597 
040 |a SNK  |b slo  |c SNK  |e AACR2 
041 0 |a slo 
044 |a xo  |c SK 
080 |a 347.77(437.6)(082)  |2 2001 
111 2 |a Duševné vlastníctvo na Slovensku  |n (1. :  |d 2001 :  |c Banská Bystrica, Slovensko)  |4 aut.  |9 584872 
245 1 0 |a Zborník z konferencie Duševné vlastníctvo na Slovensku  |b (ku Svetovému dňu duševného vlastníctva), [Banská Bystrica, 26. apríl 2001]  |c [zostavila: Beata Puobišová] 
260 |a Banská Bystrica  |b Úrad priemyselného vlastníctva SR  |c 2001 
300 |a 151 s.  |b tab.  |c 21 cm 
366 |e 100 kusov 
500 |a Údaj o zost. prevzatý z rubu tit. strany 
504 |a Bibliogr. odkazy 
650 0 7 |a právo duševného vlastníctva  |2 SNKPH  |9 4270 
651 7 |a Slovensko  |2 SNKPHgeo  |9 14231 
655 7 |a zborníky konferencií  |2 SNKPH  |9 70153 
700 1 |a Puobišová, Beata  |4 com  |9 9497 
919 |a 80-88994-10-1 
958 |a TL 
958 |a NB 
958 |a ZB 
999 |c 899424  |d 901354 
952 |t P60, <03>, [BOOK], {603}  |a SNK  |b SNK  |y PREZ  |7 0  |p 17A0326765  |o snkSC 106887  |i snkKSP 97/2002  |0 0  |1 0  |4 0  |d 2002-01-04  |f 1  |l 0  |r 2025-09-26 00:00:00  |w 2026-02-24 
952 |t P60, <04>, [BOOK], {604}  |a SNK  |b SNK  |y VYP  |7 0  |p 17A0326766  |o snkSC 106887 D1  |i snkKSP 98/2002  |0 0  |1 0  |4 0  |d 2002-01-04  |l 0  |r 2005-01-02 00:00:00  |w 2026-02-24